000 00460nam a22001577a 4500
005 20251108175213.0
008 250721s1990 xx 000 0 ara d
082 1 4 _aق/يوس
100 1 _aيوسف، حسن سامي
245 1 0 _aالزورق : رواية /
264 1 _aالقاهرة _ مصر :
_bدار الثقافة الجديدة،
_c1990.
300 _a121ص.
650 1 7 _aالروايات العربية
942 _2ddc
_cBK
999 _c128625
_d128625